| 000 | 00670nam a22002531i 4500 | ||
|---|---|---|---|
| 001 | 000144786 | ||
| 003 | DO-SdBNP | ||
| 005 | 20180125110616.0 | ||
| 007 | 000144786 | ||
| 008 | 900514s1980 sp | ||| ||spa | ||
| 016 | 7 |
_a _z _2BPMSU |
|
| 017 |
_a _b |
||
| 020 | _a8427005997 | ||
| 040 |
_aBPMSU _bspa _cBPMSU |
||
| 041 | 1 |
_aspa _aeng |
|
| 100 | 1 |
_aSorel, Julia _d |
|
| 245 | 1 | 0 |
_aFugitiva / _cJulia Sorel ; traducción Gerardo Di Masso. _h |
| 260 |
_aBarcelona : _bMartÃnez Roca, _c1980. |
||
| 300 |
_a172 p.; _c20 cm |
||
| 490 | 1 | _aFontana Joven | |
| 700 | 1 | 2 |
_aMasso, Gerardo di, _d1949- _etr. |
| 942 |
_2ddc _cBK |
||
| 956 |
_aVMATEO _320160613 _b10 |
||
| 999 |
_c10369 _d10369 |
||